00371nam a2200121Ia 4500082001200000100002300012245010500035260003700140300000800177650002500185650002500210710001400235 aTC.0084 aChakraborti, Manas 0aSupreme Court in India political system : A study of judicial behaviour and judicial decision making c1980bUniversity of North Bengal a317 aIndiavSupreme court aSupreme courtzIndia aRay, S.N.